|
|
|
|
| LEADER |
01010nam a22002177a 4500 |
| 001 |
AAL1178 |
| 003 |
BD-DhAAL |
| 005 |
20160324092727.0 |
| 008 |
160324s 1997bg |||| b||| 00| 0 mul d |
| 040 |
|
|
|a BD-DhAAL
|c BD-DhAAL
|
| 082 |
|
|
|a 327.54920541
|
| 245 |
|
|
|a গঙ্গার পানি বন্টন চুক্তি ও আন্তর্জাতিক প্রেক্ষিত /
|c সম্পাদনায় মনোয়ারুল ইসলাম
|
| 260 |
|
|
|a ঢাকা :
|b দিব্য প্রকাশ,
|c ১৯৯৭
|
| 300 |
|
|
|a ৩৫৭ পৃ. :
|b চিত্র ;
|c ২২ সে.মি.
|
| 541 |
|
|
|e 1178
|
| 651 |
|
|
|a India
|x Treaty
|z Bangladesh
|9 18768
|
| 700 |
|
|
|a ইসলাম, মনোয়ারুল
|9 18769
|
| 852 |
|
|
|a Savar Campus Library
|c General Shelf
|
| 942 |
|
|
|2 ddc
|c BK
|
| 999 |
|
|
|c 37214
|d 37214
|
| 952 |
|
|
|0 0
|1 0
|2 ddc
|4 0
|6 327_549205410000000_GAN
|7 0
|9 58503
|a SCL
|b SCL
|c GEN
|d 2016-03-24
|g 300.00
|l 0
|o 327.54920541 GAN
|p 3020001178
|r 2016-03-24
|t 1
|w 2016-03-24
|y BK
|